000 00287nam a22001217a 4500
008 181031b xxu||||| |||| 00| 0 eng d
041 _aeng
080 _a030
100 _a23
101 _aENC
245 _aPrinceton Encyclopedia of Poetry and Poetics
_cPreminger,A
942 _2udc
_cBK
999 _c51275
_d51275